00279nam a2200121Ia 4500008004100000041000900041082001900050100002300069245001600092260003300108300000800141650000800149230718s9999 xx 000 0 und d aEng. a3464206bNYA-C aNyazee, Imran Khan 0aCompany Law aPakistanbFederal Law c2013 a649 aLaw